Conceptualizción y propuesta del mejoramiento de una planta de tratamiento de aguas residuales para una industria farmacéutica

Enregistré dans:
Détails bibliographiques
Auteur principal: Rodríguez Zúñiga Natalia
Format: Livre
Langue:Spanish
Publié: [San José , Costa Rica] 2017
Sujets:
Tags: Ajouter un tag
Pas de tags, Soyez le premier à ajouter un tag!

MARC

LEADER 00000nam a22000007a 4500
003 012784
005 20221231144245.0
008 171107b2017 cr a|||| ||m| 00| ||spa d
040 |c cru CEDI 
090 |a TFG 7935 
100 |9 10241  |a Rodríguez Zúñiga Natalia 
245 |a Conceptualizción y propuesta del mejoramiento de una planta de tratamiento de aguas residuales para una industria farmacéutica 
260 |a  [San José , Costa Rica]  |c 2017 
300 |a xv, 181 hojas ; ilustraciones a color  
500 |a Proyecto de graduación (licenciatura en ingeniería química)--Universidad de Costa Rica. Facultad de Ingeniería. Escuela de Ingeniería Química 
650 |x PURIFICACION DE AGUAS RESIDUALES   |x AGUAS RESIDUALES  |x INDUSTRIA FARMACEUTICA  |x PLANTAS PARA TRATAMIENTO DE AGUAS RESIDUALES   |x PLANTAS PARA TRATAMIENTO DE AGUAS RESIDUALES - COSTOS   |x PLANTAS PARA TRATAMIENTO DE AGUAS RESIDUALES - DISEÑO  |9 10242 
942 |c TFG 
999 |c 19172  |d 19172